Statistiques concernant Chaîne de mots de 4 lettres #3

Cliquez ici pour prendre le quiz!

Statistiques générales

  • Ce quiz a été pris 18 891 fois
    (17 364 depuis la dernière actualisation)
  • Le résultat moyen est 16 sur 30

Statistiques - réponses

IndiceMot% Correct
CourrielMail
86%
Vêtement écossaisKilt
84%
Abominable homme des neigesYéti
80%
Aéroport parisienOrly
77%
Alcool antillaisRhum
77%
Cochon, GoretPorc
72%
Tel ShrekOgre
70%
Sauveur de ZeldaLink
67%
Épouse de SimbaNala
66%
Une des cinq saveursAmer
64%
Boisson gazeuzeSoda
64%
Canne de golfeurClub
62%
Système d'échangeTroc
62%
Jardin merveilleuxEden
59%
Chanteur de U2Bono
53%
Emblème néo-zélandaisKiwi
52%
Fleur bleueIris
51%
Dieu nordiqueOdin
50%
Fromage néerlandaisEdam
48%
Sa noix est célèbreCoco
44%
____ von BismarckOtto
43%
Traversé par le Tigre et l'EuphrateIrak
42%
On y trouve Alençon et FlersOrne
36%
Canidé ou poissonLoup
35%
Figure de patinageAxel
33%
Chef-lieu du TarnAlbi
31%
Roman d'Émile ZolaNana
28%
Fleuve florentinArno
17%
Artiste catalanMiro
16%
Maison de bois russeIsba
15%

Distribution des résultats

Percentile par nombre de réponses

% des personnes avec chaque résultat

Votre développement - résultats

Vous n’avez pas pris ce quiz depuis la dernière actualisation